000
00285nam a2200121Ia 4500
005
20251222154401.0
008
251222s9999||||xx |||||||||||||| ||spa||
020
_a
84-8130-159-0
082
_a
828.915/W44
100
_a
"Wells, H.G."
245
0
_a
La guerra de los mundos
942
_c
LIB
999
_c
35308
_d
35308